000 00551nam a22002057a 4500
003 UA-OsUOA
001 43499
007 ta
008 20090907b un ||||| |||| 00| 0 ukr d
090 _a81
_bП99
942 _cBR
040 _aUA-OsUOA
_bslv
_cUA-OsUOA
_dUA-OsUOA
245 _aXV научна дискусиjа 15-18. VIII 1988
955 _a4
041 _aslv
080 _a81
260 _b"Охрид"
650 7 _a8 Мовознавство. Художня література. Літературознавство
_2UDC
999 _c441973
_d441973